Muhammad : His life based on the earliest sources

Bibliographic Details
Main Author: Lings, Martin
Format: Book
Published: Kuala Lumpur : Foundation for Traditions Studies , 1983
Subjects:

MARC

LEADER 00000cam a2200000 7i4500
001 0000004850
002 000005228
005 20000330.0
020 |a 0042970423 
090 0 0 |a 297.63   |b LIN 
100 1 |a Lings, Martin 
245 1 0 |a Muhammad :   |b His life based on the earliest sources   |c Martin Lings (Abu Bakar Siraj al-Din) 
260 |a Kuala Lumpur :   |b Foundation for Traditions Studies ,   |c 1983 
300 |a 359 p. ;   |c 23 cm. 
650 0 0 |a Muhammad (Prophet)   |x Porography 
650 0 0 |a Muslim   |z Saudi Arabia   |x Biography 
999 |a 0005064   |b BUKU   |c PINJAMAN   |e PERPUSTAKAAN KOMUNITI PETALING JAYA 
999 |a 033500   |b BUKU   |c PINJAMAN   |e PERPUSTAKAAN KOMUNITI PETALING JAYA